000 00585nam a2200205Ia 4500
005 20250508151642.0
008 008 250505s9999 xx 000 0 eng d
037 _aBooks to be hide in OPAC
040 _aFEDL
_beng
_cFEDL
041 _aeng
_2eng
084 _a001.42, GOO
_qFEDL
100 _aGoode William J
245 0 _aMethods in social research
260 _aNew York, USA
_bMcGraw-Hill Book Company
_c1952
300 _avii, 386p.
650 _aResearch Methods
700 _a Hatt Paul K
_9759678
942 _cHB
_h001.42, GOO
999 _c1331170
_d1331170